Von Enthusiasten, Theaterdirektoren und Scharlatanen

Titel: Von Enthusiasten, Theaterdirektoren und Scharlatanen : der Theaterdiskurs in E.T.A. Hoffmanns Erzählungen / Bastian Dewenter
Verfasser:
Veröffentlicht: Heidelberg : Universitätsverlag Winter, [2017]
Umfang: 274 Seiten ; 23.5 cm x 15.5 cm
Format: Buch
Sprache: Deutsch
Schriftenreihe/
mehrbändiges Werk:
Proszenium ; Band 5
RVK-Notation:
Schlagworte:
ISBN: 3825367428 ; 9783825367428
Buchumschlag
X
alg: 40473947
001A    $03004:27-06-17 
001B    $01999:23-05-24 $t12:53:13.000 
001D    $00077:13-07-17 
001U    $0utf8 
001X    $00 
002@    $0Aau 
002C    $aText $btxt $2rdacontent 
002D    $aohne Hilfsmittel zu benutzen $bn $2rdamedia 
002E    $aBand $bnc $2rdacarrier 
003@    $0404739474 
003O    $0975488585 $aOCoLC 
004A    $03-8253-6742-8 
004A    $A978-3-8253-6742-8 $fFesteinband : EUR 45.00 
004K    $09783825367428 
006C    $0973719374 $aOCoLC 
006G    $01125403799 
006H    $0TOCNEUA1736 $2DNB 
006T    $017,N08 
006U    $017,A38 $f20170213 
006U    $017,H10 
007A    $01125403799 $aDNB 
007G    $0DE020139D33DA5E6961CCC125816A00399B8C 
009P    $qtext/html $A2 $3Inhaltstext $uhttp://deposit.dnb.de/cgi-bin/dokserv?id=1f3317a6d49545798cafecfeb7a66494&prov=M&dok_var=1&dok_ext=htm $mX:MVB 
009P    $qapplication/pdf $A2 $3Inhaltsverzeichnis $uhttp://scans.hebis.de/HEBCGI/show.pl?40473947_toc.pdf $mV:DE-603;B:DE-Mb50 
010@    $ager 
010E    $erda 
011@    $a2017 $n[2017] 
021A    $aVon Enthusiasten, Theaterdirektoren und Scharlatanen $dder Theaterdiskurs in E.T.A. Hoffmanns Erzählungen $hBastian Dewenter 
028A    $BVerfasser $4aut $71132824745 $8Dewenter, Bastian$Z1982- [Tp3] $9403707943 
033A    $pHeidelberg $nUniversitätsverlag Winter 
034D    $a274 Seiten 
034I    $a23.5 cm x 15.5 cm 
036E    $aProszenium $lBand 5 
037A    $aLiteraturverzeichnis Seit 257-274 
039U    $aRezensiert in $8--Aou--Boy, Alina [Tp1]. Dewenter, Bastian: Von Enthusiasten, Theaterdirektoren und Scharlatanen, 2018 $9446455628 
044K    $#Hoffmann, E. T. A. $#Гофман, Э. Т. А. $#Гофман, E. T. A. $#Hoffmann, Ernst Theodor Amadeus $#Hoffmann, Ernst Theodor Amadäus $#Hoffmann, Ernst-Theodor-Amadeus $#Hoffmann, Ernesto Teodoro Amedeo $#Hoffmann, Ernest Th. A. $#Hoffmann, Ernst Th. Amadeus $#Hoffmann, E. Th. Am. $#Hoffmann, E. Th. A. $#Hoffmann, Ernst Theodor Wilhelm $#Hoffmann, E. T. W. $#Hoffmann, Ernst Theodor $#Hoffmann, E. $#Hoffmann, Amadeo $#Hoffmann, ETA $#Hôffman, Ernsṭ Têʾôdôr Amadêʾûs $#Hofman, E. T. A. $#Hofman, Ernst Teodor Amadej $#Chofman, Ernst Theodor Amadeus $#Chofman, E. T. A. $#Gofman, Ernst-Teodor-Amadej $#Gofman, Ernst Teodor Amadej $#Gofman, Ė.-T.-A. $#Gofman, Ernst $#Hofmanas, E.T.A. $#Hofmanis, E. T. A. $#Hofuman, E.Te.A. $#Hofuman, E.T.A. $#Hoffmann, Ernesto Teodoro Guillermo $#Hoffmann, Ernst T. $#Chofman, Ernst Teodor Amadeus $#E.T.A. Huo fu man $#E.-T.-A.-Huofuman $#Huofuman, E. T. A. $#Hoffmann, Ernest T. A. $#Hoffmann, E.T. $#Hôfman, E. T. A. $#Chophman, E. T. A. $#Gofman, Ėrnst Teodor Amadei $#Gofman, Ė.T.A. $#Hofmanas, Ernstas Teodoras Amadėjus $#Hofmanis, Ernests Teodors Amadejs $#Huofuman, En Tai A $#En-Tai-A-Huofuman $#Hôffman, Ernsṭ Têôdôr Amadêûs $#Hoffmann, Ernst T. A. $#Hoffmann, Ernst Theodor Wilhelm Amadeus $#Gofman, Ėrnst Teodor Amadej $#Gofman, T. $#Hoffmann, E.T.A. $#Hoffmann, A. E. Th. $#Gofman, Ernst Teodor Amadei $#Hoffman, Ernst Theodor Amadeus $#Hoffmann, Amadeus Ernst Theodor $#Hoffmann, Ernst Theodor Gottlieb $#Huofuman zhu, En-Tai-A- $#Hoffmann, Ernst Theodor Amadaeus $#Goffmann, Ernst Theodor Amadeus $#Goffmann, Ernst Teodor Amadej $#Hofmans, E. T. A. $#C. F. A. $#Hoffmann, Ernst Theodor Amadeus $#Hoffmann, Ernst Theodor Wilhelm $#Hoffmann, Ludwig Theodor Wilhelm $#Hoffman, E. T. A. $#הופמן, א.ת.א. $#E・T・A・ホフマン $#ホフマン, E・T・A $#霍夫曼, E・T・A $#Гофман, E. T. A. $#Гофман, Ернст Теодор Амадей $#Хофман, Е. Т. А. $#Хофман, Ернст Теодор Вилхелм $#Гофман, Э. Т. Ві. $#Гофман, Эрнст Тэадор Ві́льгельм $#Гофман, Э. Т. А. $#Гофман, Эрнст Тэадор Амадэй $#Гофман, Эрнст Тэ́адор Ві́льгельм Амадэ́й $#Хофман, Е. Т. А. $#Хофман, Ернст Теодор Амадеус $#Хофман, Ернест Теодор $#Хофман, Е. Т. А. $#Хофман, Ернест Теодор Амадеус $#Гофман, Эрнст Теодор Амадей $#Гофман, Э. Т. А. $#Χόφμαν, Ερνστ Τέοντορ Αμαντέους $#Χόφμαν, Ε. Τ. Α. $#Χόφμαν, Ερνστ Τέοντορ Βίλεμ $7118552465 $8Hoffmann, E. T. A.$Z1776-1822 [Tp1] $9086893491 
044K    $RBuch $RSchriftsteller $#Literature $#Littérature $#Letteratura $#Literatura $#literature $#Literature $#Literatur $#Literatur $#Belletristik $#Dichtung Literatur $#Schöne Literatur $#Sprachkunst $#Wortkunst $74035964-5 $8Literatur [Tsz] $9085097128 
044K    $RPhilologie $#Literature History and criticism $#Literaturwissenschaft $#Literaturwissenschaften $74036034-9 $8Literaturwissenschaft [Ts1] $9085097624 
044K    $RProsa $RKurzepik $RNovelle $RNarrativ $#Fiction $#Fiction History and criticism $#Nouvelles $#Erzählung $#Geschichte Erzählung $#Prosaerzählung $#Erzählungen $#Geschichten $74015464-6 $8Erzählung [Tsz] $9085035289 
044K    $RSchauspieler $RMotiv $#Theaters in art $#Theaters in literature $74117199-8 $8Theater$gMotiv [Ts1] $9085361488 
045B    $a430 
045E    $c830 
045R    $aGeschichte 
045V    $aHoffmann, E. T. A. $814.12.00$jZu einzelnen Autoren [Tkx] $9118843648 
045Z    $8GK 4944 [Tkv] $940838025X 

lok: 40473947 24

exp: 40473947 24 1 #EPN
201B/01 $018-07-17 $t15:17:22.000 
201C/01 $027-06-17 
201U/01 $0utf8 
203@/01 $01002493145 
208@/01 $a18-07-17 $bz 
209A/01 $a17.04120 $du $f050 $h17 04120 $x00 
209C/01 $a17.04120 K $h17 04120 K 
209G/01 $a73747945 $x00 
220C/01 $aeng/hae 
247C/01 $8358050-7 Marburg, Bibliothek des Herder-Instituts Marburg $9102600961 

lok: 40473947 25
101B    $005-07-17 $t16:12:30.000 
101C    $005-07-17 
101U    $0utf8 
145S/01 $a380zb 

exp: 40473947 25 1 #EPN
201B/01 $013-07-17 $t10:55:30.000 
201C/01 $005-07-17 
201U/01 $0utf8 
203@/01 $01003115039 
208@/01 $a13-07-17 $bzu 
209A/01 $a281.279 $du $f000 $x00 
209G/01 $a17541820 $x00 
209G/01 $aFREIHAND $x01 
247C/01 $8651000-0 <77>Mainz, Universität Mainz, Zentralbibliothek $9102599602 

lok: 40473947 62

exp: 40473947 62 1 #EPN
201B/01 $028-01-18 $t22:02:28.000 
203@/01 $01016838956 
208@/01 $a28-01-18 $be 
209A/01 $a/ $f000 $x00 
209B/01 $a2018 $x05 
247C/01 $8Frankfurt, Bibliographie der Deutschen Sprach- und Literaturwissenschaft $9113214561 
201U/01 $0utf8 

lok: 40473947 204

exp: 40473947 204 1 #EPN
201B/01 $028-11-17 $t18:12:44.000 
201C/01 $019-10-17 
201U/01 $0utf8 
203@/01 $01008571911 
208@/01 $a30-10-17 $bzUB 
209A/01 $a000 GK 4944 D516 $du $f000 $x00 
209G/01 $a62341416 $x00 
245S/01 $a15000 $x01 
247C/01 $8631000-x <26>Gießen, Universität Gießen, Universitätsbibliothek Gießen $9102596697
LEADER 00000cam a2200000 c 4500
001 404739474
003 DE-603
005 20240523125313.0
007 tu
008 170627s2017 xx |||| | u00||u|ger
015 |a 17,A38  |z 17,N08  |2 dnb 
016 7 |2 DE-101  |a 1125403799 
020 |a 3825367428 
020 |a 9783825367428  |c Festeinband : EUR 45.00 
024 3 |a 9783825367428 
035 |a (DE-599)DNB1125403799 
035 |a (OCoLC)975488585 
040 |a DE-603  |b ger  |c DE-603  |d DE-603  |e rda 
041 |a ger 
082 7 |a 430 
084 |a 830  |q DE-101  |2 sdnb 
084 |a GK 4944  |0 (DE-625)41076:11810  |0 (DE-603)40838025X  |2 rvk 
100 1 |a Dewenter, Bastian  |d 1982-  |e Verfasser  |4 aut  |0 (DE-603)403707943  |0 (DE-588)1132824745  |2 gnd 
245 0 0 |a Von Enthusiasten, Theaterdirektoren und Scharlatanen  |b der Theaterdiskurs in E.T.A. Hoffmanns Erzählungen  |c Bastian Dewenter 
264 1 |a Heidelberg  |b Universitätsverlag Winter  |c [2017] 
300 |a 274 Seiten  |c 23.5 cm x 15.5 cm 
336 |a Text  |b txt  |2 rdacontent 
337 |a ohne Hilfsmittel zu benutzen  |b n  |2 rdamedia 
338 |a Band  |b nc  |2 rdacarrier 
490 0 |a Proszenium  |v Band 5 
500 |a Literaturverzeichnis Seit 257-274 
600 1 7 |a Hoffmann, E. T. A.  |d 1776-1822  |0 (DE-588)118552465  |0 (DE-603)086893491  |2 gnd 
648 7 |a Geschichte  |2 gnd 
650 7 |a Literatur  |0 (DE-588)4035964-5  |0 (DE-603)085097128  |2 gnd 
650 7 |a Literaturwissenschaft  |0 (DE-588)4036034-9  |0 (DE-603)085097624  |2 gnd 
650 7 |a Erzählung  |0 (DE-588)4015464-6  |0 (DE-603)085035289  |2 gnd 
650 7 |a Theater  |g Motiv  |0 (DE-588)4117199-8  |0 (DE-603)085361488  |2 gnd 
787 0 8 |i Rezensiert in  |a Boy, Alina  |t Dewenter, Bastian: Von Enthusiasten, Theaterdirektoren und Scharlatanen  |w (DE-603)446455628 
856 4 2 |m X:MVB  |q text/html  |u http://deposit.dnb.de/cgi-bin/dokserv?id=1f3317a6d49545798cafecfeb7a66494&prov=M&dok_var=1&dok_ext=htm  |3 Inhaltstext 
856 4 2 |m V:DE-603;B:DE-Mb50  |q application/pdf  |u http://scans.hebis.de/HEBCGI/show.pl?40473947_toc.pdf  |3 Inhaltsverzeichnis 
924 0 |9 Mb 50  |a (DE-603)1002493145  |b DE-Mb50  |c HES  |d c  |g 17.04120 
924 0 |9 77  |a (DE-603)1003115039  |b DE-77  |c HES  |d c  |g 281.279  |h FREIHAND 
924 0 |9 603  |a (DE-603)1016838956  |b DE-603  |c HES  |d d 
924 0 |9 26  |a (DE-603)1008571911  |b DE-26  |c HES  |d c  |g 000 GK 4944 D516